Statistiche per Tutti gli Stati che hanno controllato Palermo

Clicka qui per fare il quiz!

Statistiche generali

  • Questo quiz è stato fatto 22 volte
    (4 dall'ultimo reset)
  • Il punteggio medio è 24 su 26

Statistiche sulle risposte

Risposta% Corretto
Arciducato d'Austria
100%
Civiltà Fenicia
100%
Ducato di Savoia
100%
Impero Bizantino
100%
Impero Romano
100%
Impero Romano d'Occidente
100%
Occupazione Alleata (UK, Canada, USA, Francia, Australia)
100%
Regno dei Vandali
100%
Regno delle Due Sicilie
100%
Regno di Aragona
100%
Regno di Francia/Regno di Spagna
100%
Regno di Sardegna
100%
Regno di Sicilia
100%
Regno di Sicilia
100%
Regno di Spagna
100%
Regno d'Italia
100%
Regno d'Italia
100%
Regno Ostrogoto
100%
Repubblica di Cartagine
100%
Repubblica Italiana
100%
Repubblica Romana
100%
Sacro Romano Impero
100%
Contea di Sicilia
67%
Imamato Fatimide
67%
Emirato Aghlabide
33%
Regno di Sicilia e Napoli
33%

Distribuzione punteggi

Percentile per numero di risposta

Percentuale di utenti per punteggio

I tuoi punteggi nel tempo

Non hai fatto questo quiz dall'ultimo reset